Opúsculos y biografías [de Joaquín García Icazbalceta] /

Recopilación de biografías sobre varios y muy diversos personajes de la época de la Conquista y la Colonia en México. Entre algunos de los biografiados se encuentran Vasco Núñez de Balboa, la Malinche, Pedro de Alvarado, Alonso de Avila, Bernal Díaz de Castillo, etc.

Guardado en:
書目詳細資料
主要作者: García Icazbalceta, Joaquín (autor)
其他作者: Jiménez Rueda, Julio (prólogo y selección) (prólogo y selección)
格式: 圖書
語言:西班牙语
叢編:(Biblioteca del Estudiante Universitario ; 38)
主題:
標簽: 添加標簽
沒有標簽, 成為第一個標記此記錄!

MARC

LEADER 00000nam^a2200000^a^4500
001 000374958
005 20250521000000.0
009 20260310120201.646
037 |a Acervo Xavier Clavigero 
041 |a ESP 
082 |a 972. 03  |b GAR 
100 |a García Icazbalceta, Joaquín  |e (autor) 
240 1 1 |a [Opúsculos y biografías, de Joaquín García Icazbalceta] 
245 1 0 |a Opúsculos y biografías [de Joaquín García Icazbalceta] /  |c J. García Icazbalceta ; pról. y selec. de J. Jiménez Rueda. 
264 |a México :  |b UNAM,  |c 1942 
300 |a XXII, 201 p. 
336 |a texto  |b txt  |2 rdacontenido 
337 |a sin mediación  |b n  |2 rdamedio 
338 |a volumen  |b nc  |2 rdasoporte 
440 1 |a (Biblioteca del Estudiante Universitario ;  |v 38) 
520 |a Recopilación de biografías sobre varios y muy diversos personajes de la época de la Conquista y la Colonia en México. Entre algunos de los biografiados se encuentran Vasco Núñez de Balboa, la Malinche, Pedro de Alvarado, Alonso de Avila, Bernal Díaz de Castillo, etc. 
649 |a XX 
650 |a Religiosos Españoles -  |x Biografías 
650 |a Personajes Históricos Españoles -  |x Biografías 
650 |a Personajes Históricos Mexicanos -  |x Biografías 
650 |a Médicos Mexicanos -  |x Biografías 
650 |a Imprenta -  |z México (Ciudad) -  |x Historia -  |y Siglo XVI 
650 |a Imprenta -  |z México -  |x Historia -  |y Siglo XVI 
650 |a Historiografía -  |z México 
650 |a México -  |x Historia -  |y Epoca Prehispánica 
650 |a México -  |x Historia -  |y Siglo XVI 
650 |a México -  |x Historia -  |y Epoca Colonial, 1517-1821 -  |x Tema Principal 
650 |a Abad y Queipo, Manuel 
650 |a Acosta, José de 
650 |a Alcedo y Herrera, Dionisio de 
650 |a Alvarado, Pedro de 
650 |a Anunciación, Domingo de la, Fray 
650 |a Atahualpa 
650 |a Avila, Alonso de 
650 |a Boturini de Benaducci, Lorenzo 
650 |a Cervantes de Salazar, Francisco 
650 |a Colón, Bartolomé 
650 |a Córdoba, Pedro de, Fray 
650 |a Díaz del Castillo, Bernal 
650 |a Feria, Pedro de, Fray 
650 |a Fernández, Benito, Fray 
650 |a Gante, Pedro de,  |c Fray 
650 |a García de Palacio, Diego 
650 |a Gaona, Juan de, Fray 
650 |a Gilberti, Maturino 
650 |a Güemes-Pacheco y Padilla, Juan Vicente de, Virrey de Nueva España 
650 |a Hakluyt, Ricard 
650 |a Herrera, Antonio de 
650 |a Marroquín Hurtado, Francisco 
650 |a Mendoza, Antonio de, Virrey de Nueva España 
650 |a Molina, Alonso de, Fray 
650 |a Núñez de Balboa, Vasco 
650 |a Puga, Vasco de 
650 |a Reyes, Antonio de los, Fray 
650 |a Saavedra Guzmán, Antonio de 
650 |a Vázquez de Ayllón, Lucas 
600 |a La Malinche 
600 |a Sahagún, Bernardino de,  |c Fray 
600 |a Veracruz, Alonso Gutiérrez de la,  |c Fray 
700 |a Jiménez Rueda, Julio  |e (prólogo y selección) 
910 |a Fondo General 
920 |a Impresos - Libros 
930 |a Colección General 
905 |a 101 
901 |a 059436  |b IT1  |c ACC  |u 20250521 
902 |a https://opac.biblio.iteso.mx/vufind/Record/000374958